| 000 | 00452nam a22001937a 4500 | ||
|---|---|---|---|
| 003 | MPLRDC | ||
| 005 | 20220104142552.0 | ||
| 008 | 210129b ||||| |||| 00| 0 eng d | ||
| 020 | _a957-593-207-2 | ||
| 082 | _a857.7 YQ v.152 | ||
| 100 | _a严沁 | ||
| 245 |
_a白色郁金香 _c |
||
| 250 | _a初版 | ||
| 260 |
_a _b林白出版社 _c1981 |
||
| 300 | _b平 | ||
| 490 | _a杜鹃花. 152 | ||
| 650 | _a长篇小说 | ||
| 942 |
_cBK _o857.7 YQ v.152 |
||
| 999 |
_c31941 _d31931 |
||